Formula one drivers line-up 2013 - Statistics

General Stats
  • This quiz has been taken 137 times
  • The average score is 19 of 23
Answer Stats
Constructor Rounds Driver Nationality % Correct
Red Bull All Sebastian Vettel Germany
96%
Mercedes All Lewis Hamilton UK
91%
Red Bull All Mark Webber Australia
91%
Mercedes All Nico Rosberg Germany
91%
Ferrari All Felipe Massa Brazil
90%
Ferrari All Fernando Alonso Spain
90%
McLaren All Sergio Pérez Mexico
90%
Lotus 1-17 Kimi Räikkönen Finland
89%
McLaren All Jenson Button UK
88%
Lotus All Romain Grosjean France
88%
Sauber All Nico Hülkenberg Germany
86%
Toro Rosso All Daniel Ricciardo Australia
85%
Williams All Valtteri Bottas Finland
85%
Lotus 18-19 Heikki Kovalainen Finland
81%
Williams All Pastor Maldonado Venezuela
81%
Force India All Adrian Sutil Germany
80%
Sauber All Esteban Gutiérrez Mexico
78%
Force India All Paul di Resta UK
73%
Toro Rosso All Jean-Éric Vergne France
70%
Marussia All Jules Bianchi France
70%
Caterham All Charles Pic France
68%
Marussia All Max Chilton UK
60%
Caterham All Giedo van der Garde Netherlands
58%
No matching quizzes found
Score Distribution
Percent of People with Each Score
Percentile by Number Answered
Your Score History
You have not taken this quiz